The Missing Link #12 - Statistics

General Stats
  • This quiz has been taken 68 times
    29 since last reset
  • The average score is 9 of 15
Answer Stats
Picture Hint Answer % Correct
King Charles III
100%
WW2 Leader Winston Churchill
96%
Martial Arts Actor Bruce Lee
93%
Queen of France Marie Antoinette
85%
Actress, Princess Grace Kelly
81%
Icelandic Singer Bjork
78%
Keeping Up ? Kris Jenner
78%
Actress, Singer Miley Cyrus
70%
Actor Charles Bronson
59%
Me toowise
33%
Monster Raving Loony Screaming Lord Sutch
30%
Mrs. Hart Stefanie Powers
22%
Eurovision Drag Queen Conchita Wurst
19%
King of the Cowboys Roy Rogers
15%
What's the Link ? All born in November
4%
No matching quizzes found
Score Distribution
Percent of People with Each Score
Percentile by Number Answered
Your Score History
You have not taken this quiz since the last reset